Fine Arts - Painting | 2 | 3 | 0 | 0 | 60 | 63 | 85.00 | 0 | 0 |
Fine Arts - Music | 0 | 5 | 0 | 0 | 50 | 91 | 108.00 | 0 | 0 |
Fine Arts - Opera | 1 | 2 | 0 | 0 | 35 | 71 | 77.33 | 0 | 1 |
Other - Other Academic and General Knowledge | 0 | 2 | 0 | 0 | 20 | 96 | 99.50 | 0 | 0 |
History - European | 0 | 1 | 0 | 0 | 10 | 122 | 122.00 | 0 | 0 |
History - World | 0 | 1 | 0 | 0 | 10 | 122 | 122.00 | 0 | 0 |
Social Science - Psychology | 0 | 1 | 0 | 0 | 10 | 62 | 62.00 | 0 | 0 |
Fine Arts - Jazz | 0 | 1 | 0 | 0 | 10 | 131 | 131.00 | 0 | 0 |
Fine Arts - Miscellaneous | 0 | 1 | 0 | 0 | 10 | 107 | 107.00 | 0 | 0 |
Fine Arts - Photography | 0 | 1 | 0 | 0 | 10 | 98 | 98.00 | 0 | 0 |
RMP - Islam | 0 | 1 | 0 | 0 | 10 | 118 | 118.00 | 0 | 0 |
RMP - Other Religion | 0 | 1 | 0 | 0 | 10 | 88 | 88.00 | 0 | 0 |
RMP - World Mythology | 0 | 1 | 0 | 0 | 10 | 78 | 78.00 | 0 | 0 |
Social Science - Other | 0 | 1 | 0 | 0 | 10 | 87 | 87.00 | 0 | 0 |
Fine Arts - Film | 0 | 0 | 0 | 0 | 0 | | 0.00 | 0 | 0 |
RMP - East Asian Religion | 0 | 0 | 0 | 0 | 0 | | 0.00 | 0 | 0 |
Fine Arts - Ballet/Dance | 0 | 0 | 0 | 0 | 0 | | 0.00 | 0 | 0 |
RMP - Jewish Practice | 0 | 0 | 0 | 0 | 0 | | 0.00 | 0 | 0 |